Statistics for Roman Numerals (Mixed Up)

Click here to take the quiz!

General Stats

  • This quiz has been taken 409 times
  • The average score is 43 of 48

Answer Stats

Roman NumeralNumber% Correct
C100
97%
II2
97%
IX9
96%
I1
95%
XI11
95%
XII12
95%
XIII13
95%
XXXIX39
95%
VIII8
95%
XXXII32
94%
XXXIV34
94%
XXXIII33
93%
XXXVI36
93%
V5
93%
III3
92%
XXXV35
92%
XCVIII98
92%
XXXVIII38
91%
VI6
91%
LXV65
91%
IV4
90%
XLI41
90%
XLIV44
90%
DI501
90%
DXXX530
90%
LXVII67
90%
VII7
90%
LXXII72
90%
LXXII72
90%
LXXIV74
90%
LXXV75
90%
XLIII43
89%
DCCVII707
89%
XCIV94
89%
X10
88%
XCVII97
88%
XLII42
87%
LXIII63
87%
LXVIII68
87%
XCIX99
87%
XL40
86%
LXIV64
86%
LXVI66
86%
LXXIII73
86%
XCV95
86%
XCVI96
84%
LXX70
83%
DL550
81%

Score Distribution

Percentile by Number Answered

Percent of People with Each Score

Your Score History

You have not taken this quiz